000 01755cam a22002294a 4500
005 20250605163951.0
008 250528s ||||||||||||||||||||||||d
035 _a15395
020 _a566008858
040 _aGR-AtMCL
_bgre
_dGR-AtMCL
_eAACR2
245 1 _aJob Redesign / Critical Perspectives on the Labour Process
260 _bGower Publishing,
_c1985
300 _a236
505 0 _aList of Contributors, Introduction, Taylorism and Fordism and Job Design, Management's Redesign of Work: Labour Process and Labour Markets and Product Markets, What is Participation For? A Critical Evaluation of Labour Process Analyses of Job Reform, Managerial Strategy and Trade Union Responses in Work Reorganisation Schemes at Establishment Level, Managerial Strategies and New technology and the Labour Process, Automation and Management Strategies and Labour-Process Change, The Ghost in the Labour Process, Redesigning Work on the Shopfloor: A Question of Control or Consent?, Index.
520 _aList of Contributors, Introduction, Taylorism and Fordism and Job Design, Management's Redesign of Work: Labour Process and Labour Markets and Product Markets, What is Participation For? A Critical Evaluation of Labour Process Analyses of Job Reform, Managerial Strategy and Trade Union Responses in Work Reorganisation Schemes at Establishment Level, Managerial Strategies and New technology and the Labour Process, Automation and Management Strategies and Labour-Process Change, The Ghost in the Labour Process, Redesigning Work on the Shopfloor: A Question of Control or Consent?, Index.
700 1 _aCollinson David
_91310
700 1 _aKnights David
_91311
700 1 _aWillmott Hugh
_91312
942 _cBK
999 _c979
_d979